Disney Trivia- Letter E - Statistics

General Stats
  • This quiz has been taken 144 times
  • The average score is 10 of 15
Answer Stats
Question Answer % Correct
What animal is Dumbo? elephant
97%
Who is the Queen of Arendelle? Elsa
94%
Which prince does Ariel fall in love with? Eric
93%
What food does Gaston eat every morning? egg
92%
One of Scar's hyenas Ed
82%
Who is the villain in Snow White and the Seven Dwarfs? Evil Queen
78%
Fill in the blank of this song title: _______ wants to be a cat everybody
73%
What is Flynn Rider's real name? Eugene
71%
Who is the female protector of Quasimodo? Esmeralda
65%
What is the name of Carl's wife in UP? Ellie
63%
The Prince in Beauty and the Beast was offered an _________ rose enchanted
63%
Fill in the blank of this song: The _____ is just a dead thing you can claim earth
58%
A butler in the Aristocats Edgar
43%
Finish the song title from The Princess and the Frog: Ma belle _________ Evangeline
38%
Tiana's mum in The Princess and the Frog Eudora
18%
No matching quizzes found
Score Distribution
Percent of People with Each Score
Percentile by Number Answered
Your Score History
You have not taken this quiz